000 00447nam a2200169Ia 4500
008 210707s1977 xx 000 0 und d
041 _aeng
082 _a421.52 DUNH
100 _aDUNCAN (P)
245 _aHow to spell correctly including a short improvement course for poor spellers.
260 _aCalcutta.
_bRupa & Co.,
_c1977
300 _a92 p
365 _b8
_cINR
563 _aPB
650 _aEnglish Language
906 _aSpellings
999 _c180433
_d180433